000
00260nam a2200097Ia 4500
008
170619s9999 xx 000 0 und d
100
_a
WEBSTER- JOHN G
245
0
_a
MEDICAL INSTRUMENTATION : APPLICATION AND DESIGN
260
_b
Singapore : John Wiley
260
_c
2007
546
_a
ENGLISH
999
_c
18475
_d
18475